Gyógyszer a halálos kór ellen.
Elmentve itt :
| Dokumentumtípus: | Cikk |
|---|---|
| Megjelent: |
1995-09-25
|
| Sorozat: | Délmagyarország
|
| Kulcsszavak: | Földeák Sándor |
| Online Access: | http://univ.bibl.u-szeged.hu/23076 |
| LEADER | 00432nab a2200157 i 4500 | ||
|---|---|---|---|
| 001 | univ23076 | ||
| 005 | 20171214104841.0 | ||
| 008 | 171214s1995 hu o 0|| zxx d | ||
| 040 | |a SZTE UnivHistória Repozitórium |b hun | ||
| 041 | |a zxx | ||
| 245 | 0 | 0 | |a Gyógyszer a halálos kór ellen. |h [elektronikus dokumentum] |
| 260 | |c 1995-09-25 | ||
| 300 | |a 4 | ||
| 490 | 0 | |a Délmagyarország | |
| 561 | |a Egyetemi hirarchívum | ||
| 695 | |a Földeák Sándor | ||